| 000 | 01505nam a22002415a 4500 | ||
|---|---|---|---|
| 008 | 161027s2012 ii |||fr|||| 001 0 eng d | ||
| 020 | _a9350258684 | ||
| 020 | _a9789350258682 | ||
| 082 | 0 | 4 |
_222 _bBEE _a618.20231 |
| 100 | 1 |
_941623 _aBeevi, Assuma. |
|
| 245 |
_aPediatric nursing care plans / _cAssuma Beevi |
||
| 260 |
_aNew Delhi : _bJaypee Brothers Mdical Publishers (p) Ltd., _c2012. |
||
| 300 |
_axi, 364 p. : _c28 cm. |
||
| 500 | _aIndex : p. 361-364. | ||
| 504 | _aIncludes bibliographical references. | ||
| 505 | _a1. Child Health Assessment -- 2. Generic Care Plans -- 3. Nursing Care of Children with Alteration in Respiratory Function -- 4. Nursing Care of Children with Alteration in Cardiovascular Function -- 5. Nursing Care of Children with Alteration in Central Nervous System Dysfunction -- 6. Nursing Care of Children with Gastrointestinal Dysfunction -- 7. Nursing Care of Children with Genitourinary Dysfunction -- 8. Nursing Care of Children with Endocrine Dysfunction -- 9. Nursing Care of Children with Hematological Dysfunction -- 10. Nursing Care of Children with Musculoskeletal Dysfunction -- 11. Nursing Care of Children with Malignant Disorders -- 12. Nursing Care of Children with Integumentary Dysfunction and Other Special Topics. | ||
| 590 | _aWessam | ||
| 650 | 7 |
_2BUEsh _919967 _aPediatric nursing. |
|
| 650 | 7 |
_941624 _aPediatric nursing _vHandbooks, manuals, etc. _2BUEsh |
|
| 651 | _2BUEsh | ||
| 653 |
_bNNUR _cOctober2016 |
||
| 942 |
_2ddc _e22 _k618.20231 BEE |
||
| 999 |
_c22874 _d22846 |
||